| 000 | 00619nam a2200145Ia 4500 | ||
|---|---|---|---|
| 008 | 100204s9999 xx 000 0 und d | ||
| 082 | _b24690 | ||
| 100 | _aसोवनी रा. वि. संपा | ||
| 245 | _aमराठी विज्ञान वाड्.मय सूची | ||
| 260 |
_b"राज्य मराठी विकास संस्था , मुंबई" _c2000 |
||
| 300 | _a324 | ||
| 630 | _aमराठी विज्ञान वाड्.मय सूची | ||
| 730 | _aमराठी विज्ञान वाड्.मय सूची | ||
| 942 | _cBOOK | ||
| 999 |
_c469871 _d469868 |
||